000 00285 a2200109 4500
001 ART_45375
005 20260410161630.0
008 260409a
245 1 0 _aTamaño y rentabilidad
100 1 _aPascale, Ricardo
773 0 _tEnfoques
_g- Nº 2 (feb. 2018)
_wREV416
999 _c12348
_d12348